Catálogo
 En Linea

La guerrilla del decoro : (Registro nro. 38320)

Detalles MARC
000 -CABECERA
campo de control de longitud fija 01133nam a2200289 i 4500
001 - NÚMERO DE CONTROL
campo de control 000038830
003 - IDENTIFICADOR DEL NÚMERO DE CONTROL
campo de control DO-SdBNP
005 - FECHA Y HORA DE LA ÚLTIMA TRANSACCIÓN
campo de control 20260523230708.0
007 - CAMPO FIJO DE DESCRIPCIÓN FÍSICA--INFORMACIÓN GENERAL
campo de control de longitud fija ta
008 - DATOS DE LONGITUD FIJA--INFORMACIÓN GENERAL
campo de control de longitud fija 130426s1994 dr a 000 0 spa d
040 ## - FUENTE DE LA CATALOGACIÓN
Centro catalogador/agencia de origen DO-SdBNP
Lengua de catalogación spa
Centro/agencia transcriptor BNPHU
Normas de descripción rda
082 #4 - NÚMERO DE LA CLASIFICACIÓN DECIMAL DEWEY
Número de clasificación 972.9305
Número de documento/Ítem C436g
Número de edición 23
100 1# - ENTRADA PRINCIPAL--NOMBRE DE PERSONA
Nombre de persona Chaljub Mejía, Rafael
Fechas asociadas al nombre 1942-
Término indicativo de función/relación autor
Código de función/relación aut.
9 (RLIN) 18985
245 13 - MENCIÓN DE TÍTULO
Título La guerrilla del decoro :
Resto del título memorias /
Mención de responsabilidad, etc. Rafael Chaljub Mejía.
264 #4 - PRODUCCIÓN, PUBLICACIÓN, DISTRIBUCIÓN, FABRICACIÓN Y COPYRIGHT
Producción, publicación, distribución, fabricación y copyright Santo Domingo :
Nombre del de productor, editor, distribuidor, fabricante Editora Taller,
Fecha de producción, publicación, distribución, fabricación o copyright 1994
300 ## - DESCRIPCIÓN FÍSICA
Extensión 357 páginas :
Otras características físicas ilustraciones ;
Dimensiones 21 cm
336 ## - TIPO DE CONTENIDO
Término de tipo de contenido texto
Código de tipo de contenido txt
Fuente rdacontent
337 ## - TIPO DE MEDIO
Nombre/término del tipo de medio sin mediación
Código del tipo de medio n
Fuente rdamedia
338 ## - TIPO DE SOPORTE
Nombre/término del tipo de soporte volumen
Código del tipo de soporte nc
Fuente rdacarrier
500 ## - NOTA GENERAL
Nota general Incluye datos biográficos en la solapa de la cubierta
590 ## - NOTA LOCAL (RLIN)
Nota local Inventariado, 2024/BT
600 #7 - PUNTO DE ACCESO ADICIONAL DE MATERIA--NOMBRE DE PERSONA
Fuente del encabezamiento o término Lemb
Nombre de persona Chaljub Mejía, Rafael
Subdivisión de forma Biografía
Subdivisión geográfica República Dominicana
9 (RLIN) 89706
650 #7 - PUNTO DE ACCESO ADICIONAL DE MATERIA--TÉRMINO DE MATERIA
Fuente del encabezamiento o término Lemb
Término de materia o nombre geográfico como elemento de entrada Guerrillas
Subdivisión general Historia
Subdivisión cronológica 1961-1965
Subdivisión geográfica República Dominicana
9 (RLIN) 89707
650 #7 - PUNTO DE ACCESO ADICIONAL DE MATERIA--TÉRMINO DE MATERIA
Fuente del encabezamiento o término Lemb
Término de materia o nombre geográfico como elemento de entrada Guerrillas
Subdivisión de forma Biografía
Subdivisión geográfica República Dominicana
9 (RLIN) 89708
650 #7 - PUNTO DE ACCESO ADICIONAL DE MATERIA--TÉRMINO DE MATERIA
Fuente del encabezamiento o término Lemb
Término de materia o nombre geográfico como elemento de entrada Partidos Comunistas
Subdivisión general Historia
Subdivisión cronológica 1961-1965
Subdivisión geográfica República Dominicana
9 (RLIN) 89709
942 ## - ELEMENTOS DE PUNTO DE ACCESO ADICIONAL (KOHA)
Fuente del sistema de clasificación o colocación Dewey Decimal Classification
Tipo de ítem Koha Libro
Edición 23
Existencias
Estado de retiro Estado de pérdida Fuente del sistema de clasificación o colocación Restricciones de uso No para préstamo Código de colección Localización permanente Ubicación/localización actual Ubicación en estantería Fecha de adquisición Total de préstamos Signatura topográfica completa Código de barras Fecha visto por última vez Precio válido a partir de Tipo de ítem Koha Fuente de adquisición Número de copia Nota pública
    Dewey Decimal Classification Excluido de préstamo   Patrimonio Dominicano Biblioteca Nacional Pedro Henríquez Ureña Biblioteca Nacional Pedro Henríquez Ureña En catalogación 26.04.2013   BNPHU PD 38830-10 25.06.2020 25.06.2020 Libro      
    Dewey Decimal Classification Excluido de préstamo   Patrimonio Dominicano Biblioteca Nacional Pedro Henríquez Ureña Biblioteca Nacional Pedro Henríquez Ureña En catalogación 21.10.2024   BNPHU PD 972.9305 2024-6045 21.10.2024 21.10.2024 Libro Donado por la Presidencia de la República Dominicana 2023. e.2 Perteneció a la biblioteca personal de Emilio Cordero Michel.

Con tecnología Koha